Το ηλεκτρονικό εμπόριο στον τουρισμό : διπλωματική εργασία

Saved in:
Bibliographic Details
Main Author: Παπαγεωργίου, Ελπίδα
Corporate Author: Πανεπιστήμιο Αιγαίου Σχολή Επιστημών της Διοίκησης Τμήμα Διοίκησης Επιχειρήσεων - Τ.Δ.Ε
Other Authors: Λαγός, Δημήτρης Γ. (Thesis advisor)
Format: Thesis Book
Language:Greek
Published: [2005]
Subjects:
Tags: Add Tag
No Tags, Be the first to tag this record!

MARC

LEADER 00000cam a2200000 i 4500
001 1/27348
008 060331q2005 gre d
035 |l 10083382 
040 |a GR-MY-UA  |b gre  |e aacr 
041 0 |a gre 
082 0 |a 658.84  |2 (22) 
100 1 |a Παπαγεωργίου, Ελπίδα. 
245 1 3 |a Το ηλεκτρονικό εμπόριο στον τουρισμό :  |b διπλωματική εργασία /  |c Παπαγεωργίου Ελπίδα ; επιβλέπων Δημήτριος Λαγός 
260 |c [2005] 
300 |a 102 σ.;  |b διαγρ., πίν.;  |c 30 εκ. 
502 # # |a Πτυχιακή εργασία – Πανεπιστήμιο Αιγαίου, Χίος, 2005. 
504 |a Περιλαμβάνει βιβλιογραφία 
610 2 0 |a Πανεπιστήμιο Αιγαίου. 
650 0 0 |a Electronic commerce. 
650 0 0 |a Tourism. 
650 0 0 |a Dissertations, Academic  |z Greece. 
700 1 |4 ths  |a Λαγός, Δημήτρης Γ. 
710 1 |a Πανεπιστήμιο Αιγαίου  |b Σχολή Επιστημών της Διοίκησης  |b Τμήμα Διοίκησης Επιχειρήσεων - Τ.Δ.Ε. 
852 |a INST  |b CHIOS  |c DIATR  |e 20060331  |h 658.84 ΠΑΠ  |p 005200024339  |q 005200024339  |t DIE  |y 23 
852 |a INST  |b CHIOS  |c DIATR  |e 20060331  |h 658.84 ΠΑΠ  |p 005200024340  |q 005200024340  |t DIE  |y 23 
901 |a BIBL2-2006-1 
909 |a Χ  |b 119907 
909 |a Χ  |b 119908 
924 |a ΠΑΠΑΓΕΩΡΓΙΟΥ  |b ΕΛΠΙΔΑ  |y ΧΙΟΣ  |z 2005-10 
970 |a ΒΑΣΙΛΑΚΗ  |b ΝΙΚΗ  |z 2006/03/31